Consiliorum sive responsorum ... Volumen secundum (Registro nro. 70319)

Detalles MARC
000 -ENCABEZADO
Número de control [NR] 01736nam a22002777a 4500
005 - FECHA Y HORA DE LA ÚLTIMA TRANSACCIÓN
control field 20170215112438.0
008 - DE LONGITUD FIJA DE DATOS DE ELEMENTOS - INFORMACIÓN GENERAL
Elementos de longitud fija [NR] 130419s1607||||it |||fr|||||001|0|lat|d
040 ## - FUENTE DE CATALOGACION [NR]
Agencia de catalogación original [NR] Co-BoUCM
Idioma de catalogación [NR] spa
Quien Cataloga Sandra Yazo (modificó)
Quien Clasifica Sandra Yazo (modificó)
041 0# - CODIGO DE IDIOMA [R]
Código de idioma para texto/pista de sonido o título separado [R] Latín
082 04 - NUMERO DE CLASIFICACION DECIMAL DEWEY [R]
Número de clasificación [R] 340.56
Número de la edición [NR] 20
092 ## - SIGNATURA TOPOGRAFICA LOCAL
Número de clasificación local E06N004
100 1# - ASIENTO PRINCIPAL--NOMBRE PERSONAL [NR]
Nombre personal [NR] Ondedei, Giovanni Vincenzo
Fechas asociadas con el nombre [NR] -1603
ID Autoridad 39554
242 00 - TRADUCCION DEL TITULO POR LA AGENCIA CATALOGADORA [R]
Título [NR] Tomo segundo de los Dictámenes o Respuestas…
Mención de responsabilidad, etc. [NR] de Juan Vicente Ondedei
Código de idioma del título traducido [NR] spa
245 10 - MENCION DE TITULO [NR]
Título [NR] Consiliorum sive responsorum ... Volumen secundum
Mención de responsabilidad, etc. [NR] Io. Vincentii Hondedei
260 ## - PUBLICACION, DISTRIBUCION, ETC. (PIE DE IMPRENTA) [R]
Lugar de publicación, distribución, etc. [R] Venetiis [Venecia] (Italia)
Nombre del editor, distribuidor, etc. [R] Apud Haeredem Hieronymi Scoti [En los talleres del Heredero de Jerónimo Scott]
Fecha de publicación, distribución, etc. [R] 1607
300 ## - DESCRIPCION FISICA [R]
Extensión [R] [8], 584, [80] páginas
Dimensiones [R] 35 x 23 cm.
500 ## - NOTA GENERAL [R]
Nota general [NR] Detalles físicos: Encuadernación flexible en pergamino. Tapa delantera con una rotura en la esquina superior. Guardas rotas y desprendidas. Portada impresa en una sola tinta con un grabado (representa las tres gracias en un óvalo, con el lema: “la virtud predomina sobre todas las cosas”). Resumen. Texto en dos columnas con varios tipos y tamaños de letra. Sumarios al inicio de cada concepto y párrafos numerados. Signaturas y reclamos. Papel con oxidación de tintas. En portada con anotación y sellos de tinta. Colección incompleta
506 ## - NOTA DE RESTRICCIONES DE ACCESO [R]
Condiciones de acceso [NR] Consulta en sala<br/>
520 ## - NOTA DE RESUMEN, ETC. [R]
Nota de sumario, etc. [NR] V.2: Cien conceptos jurídicos sobre diversos temas de derecho civil y eclesiástico
546 ## - NOTA DE IDIOMA [R]
Nota de idioma [NR] Texto en latín
650 #7 - ASIENTO SECUNDARIO DE MATERIA - TERMINO TEMATICO [R]
Término temático o nombre geográfico como elemento de entrada [NR] Derecho civil
Subdivisión general [R] Obras anteriores a 1800
9 (RLIN) 29560
650 #7 - ASIENTO SECUNDARIO DE MATERIA - TERMINO TEMATICO [R]
Término temático o nombre geográfico como elemento de entrada [NR] Derecho eclesiástico
Subdivisión general [R] Obras anteriores a 1800
9 (RLIN) 29561
650 #7 - ASIENTO SECUNDARIO DE MATERIA - TERMINO TEMATICO [R]
Término temático o nombre geográfico como elemento de entrada [NR] Conceptos
Subdivisión general [R] Derecho
-- Obras anteriores a 1800
9 (RLIN) 29739
690 ## - ASUNTO AGREGADO LOCAL DE ENTRADA - TÉRMINO TEMÁTICO (OCLC, RLIN)
Acceso temático local Derecho civil
9 (RLIN) 12711
942 ## - ELEMENTOS DE ENTRADA AGREGADOS (KOHA)
Tipo de ítem principal el descrito en 300a Libro
Edición 1
Tema principal 8
Sistema de clasificación LOCAL
Clasificación E06N004
Existencias
Suprimido Perdido Sistema de clasificación Dañado No prestable Tipo de ítem específico Ubicación habitual Ubicación actual Localización Fecha de creación Forma de adquisición Costo Volúmen / Fascículo Total préstamos Signatura topográfica Código de barras Última vez visto Ejemplar Price effective from Tipo de ítem
    LOCAL     Libro archivo Archivo Histórico Archivo Histórico Archivo histórico 21/06/2013 Donación 0.00 V.2   E06N004 L000915 15/12/2012 Ej.1 03/02/2013 Libro